000 00439nam a2200181Ia 4500
001 18982
005 20260306171710.0
008 260306s9999||||xx |||||||||||||| ||und||
041 _aESP
082 _a658.7
_bL87
100 _aLópez Fernández, Rodrigo
_eAUT
245 0 _aLogística de aprovisionamiento
260 _c2014
300 _aix, 218 páginas :
_c24 cm.
650 _aGEN
654 _aCAN
942 _cLIB
_dJUS
_fJUS
_2ddc
_n
999 _c18982
_d18982